| 000 | 00632nam a2200205 a 4500 | ||
|---|---|---|---|
| 005 | 20240925064109.0 | ||
| 008 | 991125s1982 bar 000 0 spa u | ||
| 020 | _a8475091601 | ||
| 035 | _aUPN01000008918 | ||
| 049 | _aCG | ||
| 050 | 4 |
_aBF721 _bG5.28a |
|
| 100 | 1 | _aGillham, Helen L. | |
| 245 | 1 | 0 |
_aCómo ayudar a los niños a aceptarse a sí mismos y a aceptar a los demás / _cHelen L. Gillham ; tr. Eva Flora W. de Setaro. |
| 260 |
_aBarcelona, Esp. : _bPaidós, _c1982. |
||
| 300 | _a86 p. | ||
| 440 | 0 |
_aPaidós educador ; _v28 |
|
| 650 | 4 |
_aConducta infantil _95683 |
|
| 650 | 4 |
_aNiño, Estudio del _9221 |
|
| 905 | _aLibro | ||
| 999 |
_c8918 _d8918 |
||